De la sombra al resplandor : (Registro nro. 2595)
[ vista simple ]
| 000 -LEADER | |
|---|---|
| fixed length control field | 00815nam a2200205Ia 4500 |
| 003 - CONTROL NUMBER IDENTIFIER | |
| control field | PE SENCICO BE |
| 005 - DATE AND TIME OF LATEST TRANSACTION | |
| control field | 20251020182547.0 |
| 008 - FIXED-LENGTH DATA ELEMENTS--GENERAL INFORMATION | |
| fixed length control field | 200515s9999 xx 000 0 und d |
| 040 ## - CATALOGING SOURCE | |
| Original cataloging agency | PE SENCICO BE |
| Transcribing agency | PE SENCICO BE |
| 082 ## - DEWEY DECIMAL CLASSIFICATION NUMBER | |
| Classification number | 749.1 |
| Item number | S78 |
| 110 1# - MAIN ENTRY--CORPORATE NAME | |
| Corporate name or jurisdiction name as entry element | Zumtobel Staff |
| 9 (RLIN) | 139 |
| 245 10 - TITLE STATEMENT | |
| Title | De la sombra al resplandor : |
| Remainder of title | el arte de la iluminación arquitectónica / |
| Statement of responsibility, etc. | Zumtobel Staff |
| 260 ## - PUBLICATION, DISTRIBUTION, ETC. | |
| Place of publication, distribution, etc. | s.l.: |
| Name of publisher, distributor, etc. | Zumtobel Staff, |
| Date of publication, distribution, etc. | s.a. |
| 300 ## - PHYSICAL DESCRIPTION | |
| Extent | 338 p.: |
| Other physical details | il. col., fotog.; |
| Dimensions | 30 cm. |
| 520 ## - SUMMARY, ETC. | |
| Summary, etc. | Iluminación arquitectónica en diferentes espacios, restaurantes, cafés, tiendas, museos, galerías, pub, locales de venta, etc. |
| 650 10 - SUBJECT ADDED ENTRY--TOPICAL TERM | |
| Topical term or geographic name entry element | Decoración de interiores |
| 9 (RLIN) | 25 |
| 650 20 - SUBJECT ADDED ENTRY--TOPICAL TERM | |
| Topical term or geographic name entry element | Iluminación arquitectónica |
| 9 (RLIN) | 140 |
| 650 20 - SUBJECT ADDED ENTRY--TOPICAL TERM | |
| Topical term or geographic name entry element | Artes visuales |
| 9 (RLIN) | 17 |
| 942 ## - ADDED ENTRY ELEMENTS (KOHA) | |
| Koha item type | Libros |
| Source of classification or shelving scheme | Dewey Decimal Classification |
| Classification part | 749.1 |
| Item part | S78 |
| Fecha de la última vez que lo usaron | Pago total | Signatura topográfica completa | Código de barras | Precio efectivo desde | Tipo de documento | Estado perdido | Estado dañado | No es para préstamo | Retirado | Ubicación permanente | Ubicación actual | Fecha de adquisición |
|---|---|---|---|---|---|---|---|---|---|---|---|---|
| 15/05/2020 | 749.1/S78 | Bib-Lima15052595 | 15/05/2020 | Libros | Biblioteca Central Lima | Biblioteca Central Lima | 15/05/2020 |